| 000 | 00494nam a2200169 i 4500 | ||
|---|---|---|---|
| 001 | bg | ||
| 003 | KOSZ 005 | ||
| 005 | 20240415102734.0 | ||
| 008 | s pl f |000 0 pol | ||
| 040 | _cBPK | ||
| 041 | _apol | ||
| 100 | 1 | _aWYSZKOWSKI, Klemens. | |
| 245 | 0 |
_aMechanika cieczy i gazów. _nCz. 1 / _cKlemens Wyszkowski. |
|
| 260 |
_aWarszawa, _c1975. |
||
| 856 |
_uhttp://koha.tu.koszalin.pl/cgi-bin/koha/opac-detail.pl?biblionumber=1547 _yKatalog online BPK |
||
| 942 |
_cKS _2UKD |
||
| 999 |
_c1547 _d1547 |
||